| 000 | 03391cam a22004214a 4500 | ||
|---|---|---|---|
| 999 |
_c342278 _d342278 |
||
| 001 | 14734849 | ||
| 003 | NUST | ||
| 005 | 20171215104452.0 | ||
| 008 | 070209s2008 njua b 001 0 eng | ||
| 010 | _a 2007005772 | ||
| 015 |
_aGBA728977 _2bnb |
||
| 016 | 7 |
_a101299185 _2DNLM |
|
| 016 | 7 |
_a013716072 _2Uk |
|
| 020 | _a9781588298942 (alk. paper) | ||
| 020 | _a1588298949 (alk. paper) | ||
| 035 | _a(OCoLC)ocm84730425 | ||
| 035 | _a(OCoLC)84730425 | ||
| 040 |
_aDNLM/DLC _cDLC _dNLM _dBTCTA _dUKM _dBAKER _dC#P _dYDXCP _dDLC |
||
| 050 | 0 | 0 |
_aTP248.25.N35 _bN28 2008 |
| 060 | 1 | 0 |
_aQT 36.5 _bN183 2008 |
| 082 | 0 | 0 |
_a660.6 SHO _222 |
| 245 | 0 | 0 |
_aNanoBioTechnology : _bbioinspired devices and materials of the future / _cEdited by Oded Shoseyov and Ilan Levy. |
| 260 |
_aTotowa, N.J. : _bHumana Press, _cc2008. |
||
| 300 |
_axi, 485 p. : _bill. ; _c24 cm. |
||
| 500 | _aH.B | ||
| 504 | _aIncludes bibliographical references and index. | ||
| 505 | 0 | _aNanobiotechnology overview / Oded Shoseyov and Ilan Levy -- Experimental strategies towards the use of the porin MspA as a nanotemplate and for biosensors / Stefan H. Bossmann ... [et al.] -- Bionanotechnology and bionanoscience of artificial bioassemblies / Steven S. Smith and Katarzyna Lamparska-Kupsik -- Genetically engineered s-layer proteins and s-layer-specific heteropolysaccharides as components of a versatile molecular construction kit for applications in nanobiotechnology / Eva-M. Egelseer ... [et al.] -- Photoinduced electron transport in DNA: toward electronic devices based on DNA architecture / Hans-Achim Wagenknecht -- Effective models for charge transport in DNA nanowires / Rafael Gutierrez and Gianaurelio Cuniberti -- Optimizing photoactive proteins for optoelectronic environments by using directed evolution / Jason R. Hillebrecht ... [et al.] -- | |
| 505 | 0 | _aDNA-based nanoelectronics / Rosa Di Felice and Danny Porath -- Electrical manipulation of DNA on metal surfaces / Marc Tornow, Kenji Arinaga, and Ulrich Rant -- Nanocomputing / Jennifer Sager, Joseph Farfel, and Darko Stefanovic -- Biomolecular automata / NataĊĦa Jonoska -- Nanomedicine / Kewal K. Jain -- Nano-sized carriers for drug delivery / Sanjeeb K. Sahoo ... [et al.] -- Gene and drug delivery system with soluble inorganic carriers / Jin-Ho Choy, Man Park, and Jae-Min Oh -- Molecules, cells, materials, and systems design based on nanobiotechnology for use in bioanalytical technology / Tetsuya Haruyama -- Self-assembly of short peptides for nanotechnological applications / Ehud Gazit -- Nanotube membranes for biotechnology / Lane A. Baker and Charles R. Martin -- Engineering a molecular railroad / Russell J. Stewart and Loren Limberis -- Water-based nanotechnology: what if we could dope water? / Andreas Kage and Eran Gabbai. | |
| 650 | 0 |
_aNanobiotechnology. _97327 |
|
| 650 | 1 | 2 |
_aBiotechnology. _92447 |
| 650 | 1 | 2 |
_aNanotechnology. _92826 |
| 650 | 2 | 2 |
_aNanomedicine. _97328 |
| 650 | 0 |
_aBiomimetic materials. _92828 |
|
| 700 | 1 |
_aShoseyov, Oded. _97329 |
|
| 700 | 1 |
_aLevy, Ilan. _97330 |
|
| 856 | 4 | 1 |
_3Table of contents only _uhttp://www.loc.gov/catdir/toc/ecip0711/2007005772.html |
| 856 | 4 | 2 |
_3Publisher description _uhttp://www.loc.gov/catdir/enhancements/fy0825/2007005772-d.html |
| 906 |
_a7 _bcbc _corignew _d1 _eecip _f20 _gy-gencatlg |
||
| 942 |
_2ddc _cBK _kIESE |
||